Nation branding: komparácia vybraných štátov bakalárska práca

Guardado en:
Detalles Bibliográficos
Autor principal: Kelnarová, Lucia
Autor Corporativo: Fakulta medzinárodných vzťahov EU. Katedra medzinárodných ekonomických vzťahov a hospodárskej diplomacie
Otros Autores: Drutarovská, Jana, 1989-
Formato: Libro
Lenguaje:eslovaco
Publicado: Bratislava 2015
Etiquetas: Agregar Etiqueta
Sin Etiquetas, Sea el primero en etiquetar este registro!

MARC

LEADER 00000nbm a2200000 4500
001 0202607
005 20161212100130.1
041 0 |a slo 
044 |a SK 
245 1 0 |a Nation branding: komparácia vybraných štátov  |b bakalárska práca  |c Lucia Kelnarová ; školiteľ: Jana Drutarovská 
264 1 |a Bratislava  |c 2015 
300 |a 61 s. 
100 1 |a Kelnarová, Lucia 
700 1 |a Drutarovská, Jana, 1989- 
710 2 |a Fakulta medzinárodných vzťahov EU. Katedra medzinárodných ekonomických vzťahov a hospodárskej diplomacie